Sports Quiz

Random Sports Quiz
Score 0/18 Timer 10:00
0 Plays Today
Country Answer % Correct
BarbadosEmmerson Boyce
96.9%
GrenadaJason Roberts
86.3%
HondurasWilson Palacios
80.2%
HondurasMaynor Figueroa
77.1%
HondurasRoger Espinoza
73.3%
USAAntonee Robinson
71.8%
HondurasHendry Thomas
62.6%
Trinidad and TobagoJason Scotland
61.1%
GuadeloupePascal Chimbonda
61.1%
Country Answer % Correct
JamaicaMarlon King
60.3%
HondurasJuan Carlos Garcia
55.7%
JamaicaDamien Francis
50.4%
CanadaJason De Vos
47.3%
French GuianaMarc-Antoine Fortune
42.7%
MontserratDonervon Daniels
38.9%
CanadaKevin Sharp
24.4%
JamaicaJamie Lawrence
20.6%
CuracaoFerdino Hernandez
2.3%

You're not logged in!

Compare scores with friends on all Sporcle quizzes.
OR
Log In

Sporcle TV

Today on Sporcle TV


Watch our educational content, quiz creation guides, and fun videos on Sporcle TV.

Show Comments

Extras

Created Sep 24, 2019ReportNominate
Tags:wigan, Wigan Athletic

Top Quizzes Today


Score Distribution

Paid Content

Your Account Isn't Verified!

In order to create a playlist on Sporcle, you need to verify the email address you used during registration. Go to your Sporcle Settings to finish the process.

Report this User

Report this user for behavior that violates our Community Guidelines.

Details: